Asamiya bhasar itihash (Record no. 2483)

MARC details
000 -LEADER
fixed length control field 00507cam a2200205ua 4500
001 - CONTROL NUMBER
control field 2634
005 - DATE AND TIME OF LATEST TRANSACTION
control field 20260515113534.0
008 - FIXED-LENGTH DATA ELEMENTS--GENERAL INFORMATION
fixed length control field 110829n ii |||gr||||Z||||||asm
040 ## - CATALOGING SOURCE
Transcribing agency MAIN
082 ## - DEWEY DECIMAL CLASSIFICATION NUMBER
Classification number 491.451
100 1# - MAIN ENTRY--PERSONAL NAME
Personal name Pathak, Ramesh,
Relator term Author.
245 11 - TITLE STATEMENT
Title Asamiya bhasar itihash
Statement of responsibility, etc. by Ramesh Pathak
250 ## - EDITION STATEMENT
Edition statement 1st.
260 ## - PUBLICATION, DISTRIBUTION, ETC.
Place of publication, distribution, etc. Nalbari:
Name of publisher, distributor, etc. Journal emporium,985.
300 ## - PHYSICAL DESCRIPTION
Extent 87p:
Dimensions 23cm.
653 ## - INDEX TERM--UNCONTROLLED
Uncontrolled term Language
653 ## - INDEX TERM--UNCONTROLLED
Uncontrolled term Assamese language
653 ## - INDEX TERM--UNCONTROLLED
Uncontrolled term Asamiya bhasar itihash
942 ## - ADDED ENTRY ELEMENTS (KOHA)
Koha item type Books
Holdings
Withdrawn status Lost status Damaged status Not for loan Home library Current library Shelving location Date acquired Total checkouts Full call number Barcode Date last seen Date last checked out Copy number Price effective from Koha item type
        Naharkatiya College Library Naharkatiya College Library General stacks 09/19/2020 1 491.451 | PAT 7653 09/26/2024 09/13/2024 1 09/19/2020 Books